Statistics for Largest Cities in The Netherlands

Click here to take the quiz!

General Stats

  • This quiz has been taken 306 times
  • The average score is 7 of 10

Answer Stats

Pop.Answer% Correct
790,044Amsterdam
100%
616,250Rotterdam
98%
501,725Den Haag
94%
316,448Utrecht
83%
217,120Eindhoven
72%
192,735Groningen
71%
176,562Breda
54%
165,127Nijmegen
54%
207,406Tilburg
49%
193,303Almere
44%

Score Distribution

Percentile by Number Answered

Percent of People with Each Score

Your Score History

You have not taken this quiz